| 000 | 00482nam a2200181Ia 4500 | ||
|---|---|---|---|
| 005 | 20250423094541.0 | ||
| 008 | 250422s9999 xx 000 0 und d | ||
| 020 | _a9780803627789 | ||
| 050 | _aRT 49 .T74/ | ||
| 100 | _aTreas, Leslie S. | ||
| 245 | 0 | _aBasic nursing : concepts, skills & reasoning | |
| 260 | _aPhiladelphia | ||
| 260 | _bF. A. Davis Company | ||
| 260 | _c2014 | ||
| 300 | _a1708 p | ||
| 650 | _a Nursing Care. Nurse's Role. Nursing Assessment. | ||
| 942 | _cBK | ||
| 999 |
_c27578 _d27578 |
||